<?xml version="1.0" encoding="UTF-8"?>
<collection xmlns="http://www.loc.gov/MARC21/slim">
 <record>
  <leader>01842nam a2200349   4500</leader>
  <controlfield tag="001">000012544</controlfield>
  <controlfield tag="003">8848</controlfield>
  <controlfield tag="005">20120222080210.0</controlfield>
  <controlfield tag="008">120222s2011                        viesd</controlfield>
  <datafield tag="041" ind1=" " ind2=" ">
   <subfield code="a">vie</subfield>
  </datafield>
  <datafield tag="072" ind1=" " ind2=" ">
   <subfield code="a">Khóa luận tốt nghiệp</subfield>
  </datafield>
  <datafield tag="082" ind1=" " ind2=" ">
   <subfield code="a">547.842</subfield>
   <subfield code="b">NG-M</subfield>
  </datafield>
  <datafield tag="100" ind1=" " ind2=" ">
   <subfield code="a">Nguyễn, Thị Mỹ</subfield>
  </datafield>
  <datafield tag="245" ind1=" " ind2=" ">
   <subfield code="a">Nghiên cứu phản ứng đồng trùng hợp ghép axit acrylic lên sợi bông sử dụng hệ khơi mào Fe2+/H2O2</subfield>
   <subfield code="c">Nguyễn, Thị Mỹ</subfield>
  </datafield>
  <datafield tag="260" ind1=" " ind2=" ">
   <subfield code="a">Đại học Đà Nẵng</subfield>
   <subfield code="b">Trường đại học Sư Phạm</subfield>
   <subfield code="c">2011</subfield>
  </datafield>
  <datafield tag="300" ind1=" " ind2=" ">
   <subfield code="a">57 tr.</subfield>
   <subfield code="b">hình mhọa</subfield>
   <subfield code="c">29 cm</subfield>
  </datafield>
  <datafield tag="490" ind1=" " ind2=" ">
   <subfield code="a">Khóa luận tốt nghiệp đại học. Chuyên ngành: Sư phạm hóa</subfield>
  </datafield>
  <datafield tag="500" ind1=" " ind2=" ">
   <subfield code="a">Tham khảo tr. cuối</subfield>
  </datafield>
  <datafield tag="520" ind1=" " ind2=" ">
   <subfield code="a">Tổng quan vấn đề nghiên cứu phản ứng đồng trùng hợp ghép axit acrylic lên sợi bông sử dụng hệ khơi mào Fe2+/H2O2. Nguyên liệu và phương pháp nghiên cứu. Kết quả và bàn luận: Đặc tính hóa lý của sợi bông; xử lý sợi; Ảnh hưởng của quá trình xử lý sợi bông đến các thông số ghép axit acrylic; các yếu tố ảnh hưởng đến quá trình ghép axit acrylic sử dụng hệ khơi mào Fe2+/H2O2</subfield>
  </datafield>
  <datafield tag="653" ind1=" " ind2=" ">
   <subfield code="a">Khóa luận tốt nghiệp đại học</subfield>
  </datafield>
  <datafield tag="653" ind1=" " ind2=" ">
   <subfield code="a">Khoa Hóa học</subfield>
  </datafield>
  <datafield tag="700" ind1=" " ind2=" ">
   <subfield code="a">Trần, Mạnh Lục</subfield>
   <subfield code="c">TS</subfield>
   <subfield code="e">Hướng dẫn</subfield>
  </datafield>
  <datafield tag="OWN" ind1=" " ind2=" ">
   <subfield code="a">LSP</subfield>
  </datafield>
  <datafield tag="AVA" ind1=" " ind2=" ">
   <subfield code="a">UDN50</subfield>
   <subfield code="b">LSP</subfield>
   <subfield code="d">547.842 NG-M</subfield>
   <subfield code="e">available</subfield>
   <subfield code="t">Error 5001 Not defined in file expand_doc_bib_avail.</subfield>
   <subfield code="f">1</subfield>
   <subfield code="g">0</subfield>
   <subfield code="h">N</subfield>
   <subfield code="i">0</subfield>
   <subfield code="k">1</subfield>
  </datafield>
  <datafield tag="999" ind1=" " ind2=" ">
   <subfield code="a">From the UDN01</subfield>
  </datafield>
  <datafield tag="AVA" ind1=" " ind2=" ">
   <subfield code="a">UDN50</subfield>
   <subfield code="b">LSP</subfield>
   <subfield code="d">547.842 NG-M</subfield>
   <subfield code="e">available</subfield>
   <subfield code="t">Error 5001 Not defined in file expand_doc_bib_avail.</subfield>
   <subfield code="f">1</subfield>
   <subfield code="g">0</subfield>
   <subfield code="h">N</subfield>
   <subfield code="i">0</subfield>
   <subfield code="k">1</subfield>
  </datafield>
  <datafield tag="TYP" ind1=" " ind2=" ">
   <subfield code="a">Monograph</subfield>
  </datafield>
  <datafield tag="TYP" ind1=" " ind2=" ">
   <subfield code="a">Printed language</subfield>
  </datafield>
  <datafield tag="980" ind1=" " ind2=" ">
   <subfield code="a">Mạng thư viện Đại học Đà Nẵng</subfield>
  </datafield>
 </record>
</collection>
